[Event "Romanian-ch Women 2022"]
[Site "Eforie Nord"]
[Date "2022.02.24"]
[Round "6.10"]
[White "Marin, Irina-Luiza"]
[Black "Bucur, Denisa-Andreea"]
[Result "1/2-1/2"]
[WhiteElo "2058"]
[BlackElo "2023"]
[Annotator "NA RC"]
[PlyCount "103"]
[EventDate "2022.02.20"]
[EventType "swiss"]
[EventCountry "ROU"]
[SourceTitle "playchess.com"]
[Source "ChessBase"]
[SourceQuality "1"]
[TimeControl "40/5400+30:900+30"]

1. c4 {[%emt 0:00:04]} e5 {[%emt 0:00:22]} 2. g3 {[%emt 0:00:08]} c6 {[%emt 0:00:19]} 3. d4 {[%emt 0:00:14]} exd4 {[%emt 0:00:36]} 4. Qxd4 {[%emt 0:00:08]} d5 {[%emt 0:01:06]} 5. Nf3 {[%emt 0:01:20]} Nf6 {[%emt 0:00:31]} 6. Bg2 {[%emt 0:00:47]} Be7 {[%emt 0:00:52]} 7. cxd5 {[%emt 0:02:13]} cxd5 {[%emt 0:00:14]} 8. O-O {[%emt 0:00:31]} Nc6 {[%emt 0:01:12]} 9. Qa4 {[%emt 0:00:45]} O-O {[%emt 0:00:41]} 10. Rd1 {[%emt 0:01:25]} Qb6 {[%emt 0:03:34]} 11. Nc3 {[%emt 0:10:38]} Be6 {[%emt 0:02:55]} 12. Qb5 {[%emt 0:12:09]} Qxb5 {[%emt 0:01:46]} 13. Nxb5 {[%emt 0:00:07]} h6 {[%emt 0:00:42]} 14. Nc7 {[%emt 0:06:23]} Rac8 {[%emt 0:02:14]} 15. Nxe6 {[%emt 0:01:56]} fxe6 {[%emt 0:00:05]} 16. Bh3 {[%emt 0:01:39]} Kf7 {[%emt 0:04:17]} 17. Be3 {[%emt 0:07:01]} Ne4 {[%emt 0:09:40]} 18. Rac1 {[%emt 0:00:53]} Bf6 {[%emt 0:04:17]} 19. Rc2 $11 {[%emt 0:15:33]} Nd6 {[%emt 0:25:42]} 20. Bc5 {[%emt 0:08:25]} Rfd8 {[%emt 0:00:59]} 21. Bxd6 {[%emt 0:09:28]} Rxd6 {[%emt 0:00:07]} 22. e4 {[%emt 0:02:22]} Rcd8 {[%emt 0:02:14]} 23. Re1 {[%emt 0:02:18]} dxe4 {[%emt 0:10:13]} 24. Rxe4 {[%emt 0:00:15]} g5 {[%emt 0:04:26]} 25. Bg4 {[%emt 0:03:06]} Nd4 {[%emt 0:11:41]} 26. Nxd4 {[%emt 0:00:20]} Bxd4 {[%emt 0:00:07]} 27. Rc7+ {[%emt 0:00:35]} Kf6 {[%emt 0:01:26]} 28. Rxb7 {[%emt 0:00:55]} Rc8 {[%emt 0:00:59]} 29. Re2 {[%emt 0:06:48]} Rc1+ {[%emt 0:05:00]} 30. Kg2 {[%emt 0:00:06]} e5 {[%emt 0:00:40]} 31. Bf3 {[%emt 0:04:05]} Rb6 {[%emt 0:02:13]} 32. Rxb6+ {[%emt 0:01:32]} axb6 {[%emt 0:00:30]} 33. Be4 {[%emt 0:01:27]} Ra1 {[%emt 0:01:31]} 34. b3 {[%emt 0:00:24]} Rc1 {[%emt 0:00:10]} 35. Kf3 {[%emt 0:00:41]} h5 {[%emt 0:02:19]} 36. h3 {[%emt 0:00:12]} Rc3+ {[%emt 0:00:23]} 37. Kg2 {[%emt 0:00:07]} h4 {[%emt 0:00:43]} 38. gxh4 {[%emt 0:00:32]} gxh4 {[%emt 0:00:01]} 39. Bd5 {[%emt 0:00:59]} Kg5 {[%emt 0:00:49]} 40. a4 {[%emt 0:00:00]} Rc5 {[%emt 0:00:00]} 41. Be4 {[%emt 0:03:35]} Rc3 {[%emt 0:02:03]} 42. Bd5 {[%emt 0:02:58]} Rc5 {[%emt 0:00:06]} 43. Bc4 {[%emt 0:00:20]} Kf4 {[%emt 0:06:47]} 44. f3 {[%emt 0:01:18]} Be3 {[%emt 0:01:12]} 45. Bd3 {[%emt 0:07:14]} Rc1 {[%emt 0:05:09]} 46. Be4 {[%emt 0:00:08]} Rg1+ {[%emt 0:02:02]} 47. Kh2 {[%emt 0:00:45]} Rd1 {[%emt 0:00:17]} 48. b4 {[%emt 0:01:25]} Rd2 {[%emt 0:01:34]} 49. Rxd2 {[%emt 0:00:27]} Bxd2 {[%emt 0:00:02]} 50. b5 {[%emt 0:00:04]} Ke3 {[%emt 0:00:28]} 51. Kg2 {[%emt 0:00:25]} Ke2 {[%emt 0:00:29]} 52. Bd5 {[%emt 0:00:24]} 1/2-1/2

[Event "Romanian-ch Women 2022"]
[Site "Eforie Nord"]
[Date "2022.02.24"]
[Round "6.11"]
[White "Hoanca, Alexia-Ioana"]
[Black "Lolici, Iselin-Amanda"]
[Result "1-0"]
[WhiteElo "1710"]
[BlackElo "1907"]
[Annotator "RC"]
[PlyCount "73"]
[EventDate "2022.02.20"]
[EventType "swiss"]
[EventCountry "ROU"]
[SourceTitle "playchess.com"]
[Source "ChessBase"]
[SourceQuality "1"]
[TimeControl "40/5400+30:900+30"]

1. e4 {[%emt 0:00:02]} c5 {[%emt 0:00:05]} 2. Nf3 {[%emt 0:00:15]} d6 {[%emt 0:00:07]} 3. d4 {[%emt 0:00:05]} cxd4 {[%emt 0:00:10]} 4. Nxd4 {[%emt 0:00:06]} Nf6 {[%emt 0:00:07]} 5. Nc3 {[%emt 0:00:06]} g6 {[%emt 0:00:11]} 6. Be2 {[%emt 0:00:33]} Bg7 {[%emt 0:00:11]} 7. Bg5 {[%emt 0:00:44]} a6 {[%emt 0:03:21]} 8. a4 {[%emt 0:01:28]} Nc6 {[%emt 0:02:34]} 9. Nb3 {[%emt 0:00:31]} Be6 {[%emt 0:04:46]} 10. O-O {[%emt 0:02:02]} O-O {[%emt 0:02:40]} 11. Kh1 {[%emt 0:00:49]} Na5 {[%emt 0:04:37]} 12. Nd4 {[%emt 0:01:30]} Bc4 {[%emt 0:01:36]} 13. f4 {[%emt 0:01:44]} e5 {[%emt 0:05:25]} 14. Nb3 {[%emt 0:21:40]} Bxe2 {[%emt 0:08:09]} 15. Qxe2 {[%emt 0:01:02]} Nxb3 {[%emt 0:00:16]} 16. cxb3 {[%emt 0:00:09]} h6 {[%emt 0:00:25]} 17. Bxf6 {[%emt 0:04:13]} Bxf6 {[%emt 0:03:00]} 18. f5 {[%emt 0:00:32]} Kg7 {[%emt 0:16:22]} 19. Nd5 {[%emt 0:01:23]} g5 {[%emt 0:05:55]} 20. Rad1 {[%emt 0:03:43]} Rc8 {[%emt 0:10:45]} 21. b4 {[%emt 0:06:16]} h5 {[%emt 0:08:00]} 22. b5 {[%emt 0:13:04]} a5 {[%emt 0:05:18]} 23. Rd3 {[%emt 0:05:08]} Rh8 {[%emt 0:04:44]} 24. Qd2 {[%emt 0:07:35]} Rh6 {[%emt 0:01:05]} 25. Rc3 {[%emt 0:01:27]} Rc5 {[%emt 0:01:52]} 26. Rxc5 {[%emt 0:04:50]} dxc5 {[%emt 0:00:05]} 27. b6 {[%emt 0:00:08]} Qd6 {[%emt 0:03:30]} 28. Qxa5 {[%emt 0:02:23]} Bd8 {[%emt 0:00:36]} 29. Qa7 {[%emt 0:01:04]} Bxb6 {[%emt 0:04:01]} 30. Qxb7 {[%emt 0:01:27]} Bd8 {[%emt 0:00:05]} 31. Qb5 {[%emt 0:02:35]} g4 {[%emt 0:01:26]} 32. f6+ {[%emt 0:01:40]} Bxf6 {[%emt 0:00:21]} 33. Ne3 {[%emt 0:00:08]} Qd2 {[%emt 0:04:15]} 34. Nf5+ {[%emt 0:00:12]} Kg6 {[%emt 0:00:05]} 35. Nxh6 {[%emt 0:00:09]} Qxh6 {[%emt 0:00:05]} 36. Qc6 {[%emt 0:01:31]} Kg7 {[%emt 0:00:24]} 37. Qxf6+ {[%emt 0:00:16]} 1-0

[Event "Romanian-ch Women 2022"]
[Site "Eforie Nord"]
[Date "2022.02.24"]
[Round "6.12"]
[White "Anghel, Maria"]
[Black "Petculescu, Diana-Silvana"]
[Result "1-0"]
[WhiteElo "1834"]
[BlackElo "1402"]
[Annotator "NA RC"]
[PlyCount "67"]
[EventDate "2022.02.20"]
[EventType "swiss"]
[EventCountry "ROU"]
[SourceTitle "playchess.com"]
[Source "ChessBase"]
[SourceQuality "1"]
[TimeControl "40/5400+30:900+30"]

1. c4 {[%emt 1:31:00]} Nf6 {[%emt 0:00:09]} 2. Nc3 {[%emt 0:00:00]} e6 {[%emt 0:00:28]} 3. e4 {[%emt 0:00:00]} d6 {[%emt 0:01:12]} 4. d4 {[%emt 0:00:00]} Be7 {[%emt 0:01:46]} 5. Nf3 {[%emt 0:00:00]} Nbd7 {[%emt 0:03:16]} 6. Bd3 {[%emt 0:00:00]} O-O {[%emt 0:05:40]} 7. O-O {[%emt 0:00:00]} a5 {[%emt 0:19:49]} 8. e5 {[%emt 0:00:00]} dxe5 {[%emt 0:10:38]} 9. dxe5 {[%emt 0:00:00]} Ne8 {[%emt 0:00:14]} 10. Qe2 {[%emt 0:00:00]} Nc5 {[%emt 0:11:49]} 11. Rd1 {[%emt 0:00:00]} Bd7 {[%emt 0:01:32]} 12. Be3 {[%emt 0:00:00]} Nxd3 {[%emt 0:04:11]} 13. Qxd3 {[%emt 0:00:00]} Bc6 {[%emt 0:00:49]} 14. Qxd8 {[%emt 0:00:00]} Rxd8 {[%emt 0:00:09]} 15. Rxd8 {[%emt 0:00:00]} Bxd8 {[%emt 0:00:02]} 16. Bc5 {[%emt 0:00:00]} Bxf3 {[%emt 0:01:28]} 17. gxf3 {[%emt 0:00:00]} Bg5 {[%emt 0:01:39]} 18. Bxf8 {[%emt 0:00:00]} Kxf8 {[%emt 0:00:13]} 19. Ne2 {[%emt 0:00:00]} Ke7 {[%emt 0:04:30]} 20. Rd1 {[%emt 0:00:00]} g6 {[%emt 0:05:10]} 21. f4 {[%emt 0:00:00]} Bh6 {[%emt 0:02:42]} 22. Kg2 {[%emt 0:00:00]} Ng7 {[%emt 0:02:33]} 23. Kf3 {[%emt 0:00:00]} Nf5 {[%emt 0:01:36]} 24. Nd4 {[%emt 0:00:00]} Ng7 {[%emt 0:01:49]} 25. b3 {[%emt 0:00:00]} Nh5 {[%emt 0:02:09]} 26. Ne2 {[%emt 0:00:00]} Bf8 {[%emt 0:01:38]} 27. Ng3 {[%emt 0:00:00]} Ng7 {[%emt 0:00:14]} 28. Ne4 {[%emt 0:00:00]} Nh5 {[%emt 0:01:46]} 29. h4 {[%emt 0:00:00]} h6 {[%emt 0:01:32]} 30. Nc5 {[%emt 0:00:00]} b6 {[%emt 0:01:55]} 31. Nd7 {[%emt 0:00:00]} Bg7 {[%emt 0:00:38]} 32. Nb8 {[%emt 0:00:00]} g5 {[%emt 0:01:19]} 33. Nc6+ {[%emt 0:00:00]} Ke8 {[%emt 0:00:11]} 34. Rd8# {[%emt 0:00:00]} 1-0

[Event "Romanian-ch Women 2022"]
[Site "Eforie Nord"]
[Date "2022.02.25"]
[Round "7.1"]
[White "Ciolacu, Alessia-Mihaela"]
[Black "Bulmaga, Irina"]
[Result "1/2-1/2"]
[WhiteElo "2239"]
[BlackElo "2390"]
[Annotator "ChessBase"]
[PlyCount "46"]
[EventDate "2022.02.20"]
[EventType "swiss"]
[EventCountry "ROU"]
[SourceTitle "playchess.com"]
[Source "ChessBase"]
[SourceQuality "1"]
[TimeControl "40/5400+30:900+30"]

1. d4 g6 2. c4 Bg7 3. Nc3 d6 4. Nf3 e5 5. g3 Nc6 6. dxe5 Nxe5 7. Nxe5 Bxe5 8. Bg2 Ne7 9. O-O O-O 10. Bg5 Be6 11. c5 f6 12. Bh6 Rf7 13. cxd6 cxd6 14. Nd5 Nxd5 15. Bxd5 Qe8 16. e4 Bxd5 17. Qxd5 Bxb2 18. Rab1 Qe5 19. Qc4 Qc3 20. Qe6 Qe5 21. Qc4 Qc3 22. Qe6 Qe5 23. Qc4 {[%emt 0:11:33]} Qc3 {[%emt 0:10:40]} 1/2-1/2

[Event "Romanian-ch Women 2022"]
[Site "Eforie Nord"]
[Date "2022.02.25"]
[Round "7.2"]
[White "Lehaci, Miruna-Daria"]
[Black "Sandu, Mihaela"]
[Result "1/2-1/2"]
[WhiteElo "2125"]
[BlackElo "2269"]
[Annotator "NA"]
[PlyCount "129"]
[EventDate "2022.02.20"]
[EventType "swiss"]
[EventCountry "ROU"]
[SourceTitle "playchess.com"]
[Source "ChessBase"]
[SourceQuality "1"]
[TimeControl "40/5400+30:900+30"]

1. e4 {[%emt 0:00:00]} c5 {[%emt 0:01:04]} 2. Nf3 {[%emt 0:00:00]} d6 {[%emt 0:00:30]} 3. d4 {[%emt 0:00:00]} cxd4 {[%emt 0:00:30]} 4. Nxd4 {[%emt 0:00:00]} Nf6 {[%emt 0:00:30]} 5. Nc3 {[%emt 0:00:00]} a6 {[%emt 0:00:30]} 6. Be3 {[%emt 0:00:00]} e6 {[%emt 0:00:30]} 7. g4 {[%emt 0:00:18]} h6 {[%emt 0:00:30]} 8. Rg1 {[%emt 0:00:30]} Nc6 {[%emt 0:00:30]} 9. Qe2 {[%emt 0:00:30]} Nxd4 {[%emt 0:00:30]} 10. Bxd4 {[%emt 0:00:30]} e5 {[%emt 0:00:30]} 11. Be3 {[%emt 0:00:30]} b5 {[%emt 0:00:30]} 12. O-O-O {[%emt 0:00:30]} Be6 {[%emt 0:00:30]} 13. Nd5 {[%emt 0:00:30]} Bxd5 {[%emt 0:00:30]} 14. exd5 {[%emt 0:00:30]} Be7 {[%emt 0:00:30]} 15. Kb1 {[%emt 0:00:30]} Nd7 {[%emt 0:00:30]} 16. f3 {[%emt 0:00:30]} O-O {[%emt 0:00:30]} 17. g5 {[%emt 0:00:30]} Bxg5 {[%emt 0:00:30]} 18. Bxg5 {[%emt 0:00:30]} hxg5 {[%emt 0:00:30]} 19. Qd2 {[%emt 0:00:30]} Qf6 {[%emt 0:00:30]} 20. Rxg5 {[%emt 0:00:30]} e4 {[%emt 0:00:30]} 21. fxe4 {[%emt 0:00:30]} Ne5 {[%emt 0:00:30]} 22. Be2 {[%emt 0:00:30]} g6 {[%emt 0:00:30]} 23. Rf1 {[%emt 0:00:30]} Qe7 {[%emt 0:00:30]} 24. h4 {[%emt 0:00:30]} Kg7 {[%emt 0:00:30]} 25. Rfg1 {[%emt 0:00:30]} Rh8 {[%emt 0:00:30]} 26. Qf4 {[%emt 0:00:30]} Rh6 {[%emt 0:00:30]} 27. h5 {[%emt 0:00:30]} Rah8 {[%emt 0:00:30]} 28. R5g3 {[%emt 0:00:30]} Qf6 {[%emt 0:00:30]} 29. Qe3 {[%emt 0:00:30]} Qe7 {[%emt 0:00:30]} 30. Qd4 {[%emt 0:00:30]} Rf8 {[%emt 0:00:30]} 31. Rc3 {[%emt 0:00:30]} Kh7 {[%emt 0:00:30]} 32. hxg6+ {[%emt 0:00:30]} fxg6 {[%emt 0:00:30]} 33. Qb6 {[%emt 0:00:30]} Rf7 {[%emt 0:00:30]} 34. Qxa6 {[%emt 0:00:30]} Qg5 {[%emt 0:00:30]} 35. Qb6 {[%emt 0:00:30]} Qh4 {[%emt 0:00:30]} 36. Qxd6 {[%emt 0:00:30]} Qxe4 {[%emt 0:00:30]} 37. Bd1 {[%emt 0:00:30]} Qd4 {[%emt 0:00:30]} 38. Qc5 {[%emt 0:00:30]} Rh4 {[%emt 0:00:30]} 39. Qxd4 {[%emt 0:00:30]} Rxd4 {[%emt 0:00:30]} 40. Rc5 {[%emt 0:00:30]} b4 {[%emt 0:00:30]} 41. Be2 {[%emt 0:15:30]} Rf2 {[%emt 0:15:30]} 42. Ba6 {[%emt 0:00:30]} Rfd2 {[%emt 0:00:30]} 43. b3 {[%emt 0:00:30]} Rh2 {[%emt 0:00:30]} 44. Bb5 {[%emt 0:00:30]} Nf3 {[%emt 0:00:30]} 45. Rc1 {[%emt 0:00:30]} g5 {[%emt 0:00:30]} 46. Rc7+ {[%emt 0:00:30]} Kh8 {[%emt 0:00:30]} 47. Bc4 {[%emt 0:00:30]} g4 {[%emt 0:00:30]} 48. Rf7 {[%emt 0:00:30]} Ng5 {[%emt 0:00:30]} 49. Rf5 {[%emt 0:00:30]} Ne4 {[%emt 0:00:30]} 50. Kb2 {[%emt 0:00:30]} g3 {[%emt 0:00:30]} 51. Rf4 {[%emt 0:00:30]} Rf2 {[%emt 0:00:30]} 52. Rh1+ {[%emt 0:00:30]} Kg7 {[%emt 0:00:30]} 53. Rg4+ {[%emt 0:00:30]} Kf6 {[%emt 0:00:30]} 54. Rg1 {[%emt 0:00:30]} Ke5 {[%emt 0:00:30]} 55. Re1 {[%emt 0:00:30]} g2 {[%emt 0:00:30]} 56. d6 {[%emt 0:00:30]} Kxd6 {[%emt 0:00:30]} 57. Rg1 {[%emt 0:00:30]} Rdd2 {[%emt 0:00:30]} 58. Rxe4 {[%emt 0:00:30]} Rxc2+ {[%emt 0:00:30]} 59. Kb1 {[%emt 0:00:30]} Rb2+ {[%emt 0:00:30]} 60. Ka1 {[%emt 0:00:30]} Rxa2+ {[%emt 0:00:30]} 61. Kb1 {[%emt 0:00:30]} Rfb2+ {[%emt 0:00:30]} 62. Kc1 {[%emt 0:00:30]} Rc2+ {[%emt 0:00:30]} 63. Kb1 {[%emt 0:00:30]} Rcb2+ {[%emt 0:00:30]} 64. Kc1 {[%emt 0:00:30]} Rc2+ {[%emt 0:00:30]} 65. Kb1 {[%emt 1:32:16]} 1/2-1/2

[Event "Romanian-ch Women 2022"]
[Site "Eforie Nord"]
[Date "2022.02.25"]
[Round "7.3"]
[White "Obada, Ema"]
[Black "Peptan, Corina-Isabela"]
[Result "0-1"]
[WhiteElo "2010"]
[BlackElo "2384"]
[Annotator "ChessBase"]
[PlyCount "94"]
[EventDate "2022.02.20"]
[EventType "swiss"]
[EventCountry "ROU"]
[SourceTitle "playchess.com"]
[Source "ChessBase"]
[SourceQuality "1"]
[TimeControl "40/5400+30:900+30"]

1. e4 c5 2. Nf3 e6 3. g3 Nc6 4. Bg2 Nf6 5. Qe2 d5 6. exd5 Nxd5 7. O-O Be7 8. c3 O-O 9. Rd1 Bf6 10. Na3 Re8 11. Nc2 e5 12. d3 {[%emt 0:04:43]} Bg4 {[%emt 0:10:09]} 13. h3 {[%emt 1:32:17]} Bh5 14. Ne3 Nf4 15. gxf4 exf4 16. Qf1 fxe3 17. fxe3 Qd6 18. d4 Rad8 19. Bd2 Ne7 20. b4 cxb4 21. cxb4 {[%emt 0:00:00]} Nf5 {[%emt 0:34:57]} 22. Qf2 {[%emt 0:00:00]} Ng3 {[%emt 0:33:38]} 23. Be1 {[%emt 0:00:00]} Ne4 {[%emt 0:00:15]} 24. Qf1 {[%emt 0:00:00]} Ng5 {[%emt 0:05:20]} 25. Nxg5 {[%emt 0:00:00]} Bxg5 {[%emt 0:00:20]} 26. e4 {[%emt 0:06:30]} Bxd1 27. Rxd1 Be3+ 28. Bf2 Bxf2+ 29. Qxf2 Qxb4 30. d5 b6 31. Qf3 h6 32. Rf1 Qc5+ 33. Kh1 Qc7 34. Qh5 Re5 35. Qf3 Rg5 36. h4 Re5 37. Qg3 Qe7 38. Rf4 Rd6 39. Rg4 g6 40. Qf4 {[%emt 0:00:00]} Kg7 {[%emt 0:06:45]} 41. Bf3 {[%emt 0:05:42]} Rf6 {[%emt 0:19:20]} 42. Qg3 {[%emt 0:00:10]} Qc7 {[%emt 0:00:09]} 43. Bg2 {[%emt 0:01:02]} b5 {[%emt 0:02:09]} 44. Qd3 {[%emt 0:02:48]} b4 {[%emt 0:02:57]} 45. Rg3 {[%emt 0:04:20]} Qb6 {[%emt 0:04:22]} 46. Qb3 {[%emt 0:01:52]} Rf4 {[%emt 0:00:55]} 47. Rh3 {[%emt 0:00:51]} Rexe4 {[%emt 0:00:59]} 0-1

[Event "Romanian-ch Women 2022"]
[Site "Eforie Nord"]
[Date "2022.02.25"]
[Round "7.4"]
[White "Ionescu, Irina"]
[Black "Cosma, Elena-Luminita"]
[Result "1/2-1/2"]
[WhiteElo "2131"]
[BlackElo "2281"]
[Annotator "NA"]
[PlyCount "137"]
[EventDate "2022.02.20"]
[EventType "swiss"]
[EventCountry "ROU"]
[SourceTitle "playchess.com"]
[Source "ChessBase"]
[SourceQuality "1"]
[TimeControl "40/5400+30:900+30"]

1. e4 {[%emt 0:00:14]} e6 {[%emt 0:00:00]} 2. d4 {[%emt 0:00:30]} d5 {[%emt 0:00:00]} 3. exd5 {[%emt 0:00:30]} exd5 {[%emt 0:00:02]} 4. Nf3 {[%emt 0:00:30]} Nf6 {[%emt 0:00:30]} 5. Bd3 {[%emt 0:00:30]} c5 {[%emt 0:00:30]} 6. Qe2+ {[%emt 0:00:30]} Be7 {[%emt 0:00:30]} 7. dxc5 {[%emt 0:00:30]} O-O {[%emt 0:00:30]} 8. O-O {[%emt 0:00:30]} Nc6 {[%emt 0:00:30]} 9. h3 {[%emt 0:00:30]} Re8 {[%emt 0:00:30]} 10. Bg5 {[%emt 0:00:30]} h6 {[%emt 0:00:30]} 11. Bh4 {[%emt 0:00:30]} g5 {[%emt 0:00:30]} 12. Bg3 {[%emt 0:00:30]} Bxc5 {[%emt 0:00:30]} 13. Qd1 {[%emt 0:00:30]} Ne4 {[%emt 0:00:30]} 14. Bxe4 {[%emt 0:00:30]} dxe4 {[%emt 0:00:30]} 15. Nfd2 {[%emt 0:00:30]} Bf5 {[%emt 0:00:30]} 16. Nb3 {[%emt 0:45:46]} Qxd1 {[%emt 0:49:41]} 17. Rxd1 {[%emt 0:00:30]} Bb6 {[%emt 0:00:30]} 18. Na3 {[%emt 0:00:30]} Be6 {[%emt 0:00:30]} 19. Nb5 {[%emt 0:00:30]} Rad8 {[%emt 0:00:30]} 20. Bc7 {[%emt 0:00:30]} Rxd1+ {[%emt 0:00:30]} 21. Rxd1 {[%emt 0:00:30]} Bxb3 {[%emt 0:00:30]} 22. axb3 {[%emt 0:00:30]} Bc5 {[%emt 0:00:30]} 23. Bd6 {[%emt 0:00:30]} Rd8 {[%emt 0:00:30]} 24. Rd5 {[%emt 0:00:30]} e3 {[%emt 0:00:30]} 25. Kf1 {[%emt 0:00:30]} Bb6 {[%emt 0:00:30]} 26. fxe3 {[%emt 0:00:30]} Ne7 {[%emt 0:00:30]} 27. Rd3 {[%emt 0:00:30]} Nf5 {[%emt 0:00:30]} 28. e4 {[%emt 0:00:30]} Ne3+ {[%emt 0:00:30]} 29. Ke2 {[%emt 0:00:30]} Nxg2 {[%emt 0:00:30]} 30. Bg3 {[%emt 0:00:30]} Re8 {[%emt 0:00:30]} 31. Kf3 {[%emt 0:00:30]} Nh4+ {[%emt 0:00:30]} 32. Bxh4 {[%emt 0:00:30]} gxh4 {[%emt 0:00:30]} 33. Nd6 {[%emt 0:00:30]} Re6 {[%emt 0:00:30]} 34. Nf5 {[%emt 0:00:30]} a5 {[%emt 0:00:30]} 35. Rd6 {[%emt 0:00:30]} Bc7 {[%emt 0:00:30]} 36. Nxh6+ {[%emt 0:00:30]} Kf8 {[%emt 0:00:30]} 37. Rxe6 {[%emt 0:00:30]} fxe6 {[%emt 0:00:30]} 38. Ng4 {[%emt 0:00:30]} Bg3 {[%emt 0:00:30]} 39. Ne3 {[%emt 0:00:30]} b5 {[%emt 0:00:30]} 40. Ke2 {[%emt 0:00:30]} Ke7 {[%emt 0:00:30]} 41. Kd3 {[%emt 0:15:30]} Kd6 {[%emt 0:15:30]} 42. Ng4 {[%emt 0:00:30]} Kc5 {[%emt 0:00:30]} 43. Nf6 {[%emt 0:00:30]} Kd6 {[%emt 0:00:30]} 44. Ng4 {[%emt 0:00:30]} Kc5 {[%emt 0:00:30]} 45. Ne3 {[%emt 0:00:30]} Bf4 {[%emt 0:00:30]} 46. Nd1 {[%emt 0:00:30]} Bc1 {[%emt 0:00:30]} 47. c3 {[%emt 0:00:30]} Bg5 {[%emt 0:00:30]} 48. Nf2 {[%emt 0:00:30]} Kd6 {[%emt 0:00:30]} 49. c4 {[%emt 0:00:30]} Kc5 {[%emt 0:00:30]} 50. cxb5 {[%emt 0:00:30]} Bf6 {[%emt 0:00:30]} 51. b6 {[%emt 0:00:30]} Kxb6 {[%emt 0:00:30]} 52. Kc4 {[%emt 0:00:30]} Bxb2 {[%emt 0:00:30]} 53. Nd3 {[%emt 0:00:30]} Ba1 {[%emt 0:00:30]} 54. Nf4 {[%emt 0:00:30]} Kc6 {[%emt 0:00:30]} 55. Nxe6 {[%emt 0:00:30]} Kd6 {[%emt 0:00:30]} 56. Ng5 {[%emt 0:00:30]} Ke5 {[%emt 0:00:30]} 57. Nf3+ {[%emt 0:00:30]} Kxe4 {[%emt 0:00:30]} 58. Nxh4 {[%emt 0:00:30]} Kf4 {[%emt 0:00:30]} 59. Ng6+ {[%emt 0:00:30]} Kg5 {[%emt 0:00:30]} 60. Ne7 {[%emt 0:00:30]} Be5 {[%emt 0:00:30]} 61. Kb5 {[%emt 0:00:30]} Bc3 {[%emt 0:00:30]} 62. Nc6 {[%emt 0:00:30]} Kh4 {[%emt 0:00:30]} 63. Nxa5 {[%emt 0:00:30]} Kxh3 {[%emt 0:00:30]} 64. Nc6 {[%emt 0:00:30]} Kg4 {[%emt 0:00:30]} 65. Kc4 {[%emt 0:00:30]} Be1 {[%emt 0:00:30]} 66. Ne5+ {[%emt 0:00:30]} Kf5 {[%emt 0:00:30]} 67. Nf3 {[%emt 0:00:30]} Ba5 {[%emt 0:00:30]} 68. Kd5 {[%emt 0:00:30]} Kf6 {[%emt 0:00:30]} 69. Nd4 {[%emt 0:00:30]} 1/2-1/2

[Event "Romanian-ch Women 2022"]
[Site "Eforie Nord"]
[Date "2022.02.25"]
[Round "7.5"]
[White "Dragomirescu, Angela"]
[Black "Cosman, Andreea-Marioara"]
[Result "1/2-1/2"]
[WhiteElo "2167"]
[BlackElo "2127"]
[Annotator "ChessBase"]
[PlyCount "48"]
[EventDate "2022.02.20"]
[EventType "swiss"]
[EventCountry "ROU"]
[SourceTitle "playchess.com"]
[Source "ChessBase"]
[SourceQuality "1"]
[TimeControl "40/5400+30:900+30"]

1. d4 {[%emt 0:00:45]} Nf6 {[%emt 0:00:00]} 2. Nf3 {[%emt 0:00:30]} e6 {[%emt 0:00:00]} 3. g3 {[%emt 0:00:30]} b5 {[%emt 0:00:04]} 4. Bg2 {[%emt 0:00:30]} Bb7 {[%emt 0:00:30]} 5. a4 {[%emt 0:00:30]} b4 {[%emt 0:00:30]} 6. c4 {[%emt 0:00:30]} bxc3 {[%emt 0:00:30]} 7. bxc3 {[%emt 0:00:30]} d5 {[%emt 0:00:30]} 8. O-O {[%emt 0:00:30]} Nbd7 {[%emt 0:00:30]} 9. Nbd2 {[%emt 0:10:12]} Be7 {[%emt 0:09:06]} 10. c4 {[%emt 0:07:44]} dxc4 {[%emt 0:02:45]} 11. Nxc4 {[%emt 0:00:22]} O-O {[%emt 0:01:08]} 12. Bd2 {[%emt 0:13:07]} Bd5 {[%emt 0:11:21]} 13. Rc1 {[%emt 0:14:29]} c5 {[%emt 0:08:35]} 14. Ba5 {[%emt 0:02:36]} Qc8 {[%emt 0:08:43]} 15. Ne3 {[%emt 0:16:12]} Bc6 {[%emt 0:12:43]} 16. Ne5 {[%emt 0:11:43]} Bxg2 {[%emt 0:04:14]} 17. Kxg2 {[%emt 0:00:02]} Qa6 {[%emt 0:05:06]} 18. Nxd7 {[%emt 0:04:33]} Nxd7 {[%emt 0:01:51]} 19. Bc3 {[%emt 0:00:11]} cxd4 {[%emt 0:02:50]} 20. Bxd4 {[%emt 0:03:19]} Nb6 {[%emt 0:03:59]} 21. Qc2 {[%emt 0:03:16]} Rfc8 {[%emt 0:07:38]} 22. Qa2 {[%emt 0:01:23]} Rxc1 {[%emt 0:09:44]} 23. Rxc1 {[%emt 0:00:03]} Nxa4 {[%emt 0:02:57]} 24. Kg1 {[%emt 0:01:47]} Qb5 {[%emt 0:01:06]} 1/2-1/2